Communication and Transactions in Vienna Parallel Logic

Bibliographic Details
Main Authors: Kühn, Eva (Author), Puntigam, Franz (Author), Pohlai, Herbert (Author)
Format: Article
Language:Slovak
English
PhysicalDescription:Grafy 2, lit. 31 zázn. v angl.
ISSN:0232-0274
Subjects:

MARC

LEADER 00000nab a2200000 a 4500
001 vtls000542550
003 SK-MaSNL
005 20260304210652.0
008 250425c1994 xo 0 slo
015 |a SNBRB19rr/mm-uuuuu 
035 |a CL0542688 
035 |a urn:nbn:sk:snk-ab1qj1 
035 |a (urnnbn)urn:nbn:sk:snk:ar-004zve 
035 |a (uuid)6f5dabdb-8cfe-432c-a936-6a1a3defa03d 
040 |a SNKBUCL  |b slo  |c SNKBUCL  |e AACR2 
041 0 |a eng 
044 |a xo  |c SK 
080 |a 519.68:681.3.06  |2 1981 
080 |a 681.3.06  |2 1981 
100 1 |a Kühn, Eva  |4 aut  |9 1542055 
245 1 0 |a Communication and Transactions in Vienna Parallel Logic  |c Eva Kühn, Franz Puntigam, Herbert Pohlai 
300 |b Grafy 2, lit. 31 zázn. v angl. 
650 0 7 |a programovacie jazyky  |2 snkbucl  |9 1838 
650 0 7 |a softvér paralelný  |2 snkbucl  |9 1542056 
650 0 7 |a VPL (systém programovací)  |2 snkbucl  |9 1542057 
655 7 |a články z novín a časopisov  |2 snkbucl  |9 267496 
700 1 |a Puntigam, Franz  |4 aut  |9 1542058 
700 1 |a Pohlai, Herbert  |4 aut  |9 1542059 
773 0 |t Computers and artificial intelligence  |g Roč. 13, č. 4 (1994), s. 301-319  |x 0232-0274 
850 |a Slovenská národná knižnica 
852 |a Slovenská národná knižnica 
958 |a article27 
958 |a NB 
958 |a RK 
958 |a AT 
958 |a OND 
958 |a EUIPO 
992 |a RBX 
999 |c 3127087  |d 3129017